000
00313nam a2200121Ia 4500
008
190722s9999 xx 000 0 und d
020
_a
978-983-47-1054-5
100
_a
Sarah Sabir Ahmed
245
0
_a
Organizational Behaviour
260
_a
New York
_b
Oxford University Press
_c
2014
300
_a
262
942
_c
BK
999
_c
987
_d
987